|
|
|
|
| LEADER |
00000nam a2200000 a 4500 |
| 001 |
UCI9243 |
| 003 |
CL-VaPUC |
| 008 |
081030e20060000MX |||||||||||||||||spa|d |
| 020 |
|
|
|a 9789701514092
|
| 082 |
0 |
4 |
|a 371.26
|b MAT
|2 21
|
| 100 |
|
|
|a Mateo Andrés, Joan
|e autor
|9 532874
|
| 245 |
1 |
3 |
|a La evaluación educativa, su práctica y otras metáforas
|
| 300 |
|
|
|a 276 p
|
| 942 |
|
|
|c BK
|
| 945 |
|
|
|d 20081030 00:00:00
|a jtorresc
|
| 260 |
|
|
|a Ciudad de México
|b Alfaomega
|c 2006
|
| 650 |
|
0 |
|a Evaluación de la educación
|9 237505
|
| 650 |
|
0 |
|a Planificación de la educación
|9 307333
|
| 650 |
|
0 |
|a Sistema educativo
|9 382897
|
| 583 |
|
|
|a last modification
|c 20081030 00:00:00
|k Rodrigo Vera
|
| 999 |
|
|
|c 331820
|d 331818
|
| 952 |
|
|
|0 0
|1 0
|4 0
|6 371_260000000000000_MAT_2006
|7 0
|8 A
|9 418962
|a BIBEDU
|b BIBEDU
|d 2019-11-22
|i 4494024
|o 371.26 MAT 2006
|p 4494024
|r 2019-11-22
|w 2019-11-22
|y BK
|k EBA
|